[Event "Ruhrgebiet VL1 0708"]
[Site "Germany"]
[Date "2008.04.06"]
[Round "8.7"]
[White "Doehmen, Katrin"]
[Black "Steger, Wolfgang"]
[Result "0-1"]
[WhiteElo "2010"]
[BlackElo "1871"]
[PlyCount "99"]
[EventDate "2007.09.02"]
[EventType "team"]
[EventRounds "9"]
[EventCountry "GER"]
[SourceTitle "EXT 2009"]
[Source "ChessBase"]
[SourceDate "2008.11.26"]
[SourceVersion "1"]
[SourceVersionDate "2008.11.26"]
[SourceQuality "1"]
[WhiteTeam "Holsterhausen "]
[BlackTeam "Bochum-Linden"]
[WhiteTeamCountry "GER"]
[BlackTeamCountry "GER"]

1. c4 Nf6 2. Nc3 d5 3. cxd5 Nxd5 4. d4 g6 5. e4 Nb6 6. Be3 Bg7 7. Nf3 0-0 8. Qd2 Nc6 9. d5 Ne5 10. Nxe5 Bxe5 11. Bxb6 axb6 12. f4 Bxc3 13. Qxc3 f5 14. exf5 Bxf5 15. Bc4 Qd6 16. 0-0 Qc5+ 17. Rf2 b5 18. Bb3 Qxc3 19. bxc3 Kg7 20. Re1 Kf6 21. h3 h5 22. Rfe2 Rfe8 23. Kf2 Ra6 24. Kf3 h4 25. Re5 Rd6 26. R1e2 c6 27. c4 bxc4 28. Bxc4 b5 29. Bb3 c5 30. Bc2 Bxc2 31. Rxc2 Rc8 32. Kg4 c4 33. Kxh4 Rc5 34. Rd2 c3 35. Rc2 b4 36. Re4 Rb5 37. Kg3 Rdxd5 38. Kf3 e5 39. fxe5+ Rxe5 40. Ke3 Rbd5 41. Rxe5 Kxe5 42. Rf2 Kd6 43. Rf6+ Kc5 44. Rf2 Kb5 45. Rf8 Ka4 46. Ra8+ Ra5 47. Rxa5+ Kxa5 48. Kd3 Ka4 49. Kc2 Ka3 50. Kb1 0-1

[Event "Ruhrgebiet VL1 0708"]
[Site "Germany"]
[Date "2008.03.09"]
[Round "7.8"]
[White "Doehmen, Katrin"]
[Black "Verfuerth, Christian"]
[Result "1/2-1/2"]
[WhiteElo "2010"]
[BlackElo "2012"]
[PlyCount "134"]
[EventDate "2007.09.02"]
[EventType "team"]
[EventRounds "9"]
[EventCountry "GER"]
[SourceTitle "EXT 2009"]
[Source "ChessBase"]
[SourceDate "2008.11.26"]
[SourceVersion "1"]
[SourceVersionDate "2008.11.26"]
[SourceQuality "1"]
[WhiteTeam "Holsterhausen "]
[BlackTeam "Horst Emscher"]
[WhiteTeamCountry "GER"]
[BlackTeamCountry "GER"]

1. c4 e5 2. Nc3 Nc6 3. g3 f5 4. Bg2 Nf6 5. e3 d5 6. Nxd5 Nxd5 7. cxd5 Nb4 8. e4 Nd3+ 9. Ke2 fxe4 10. Bxe4 Nc5 11. d3 Bd6 12. Be3 0-0 13. Ke1 Qf6 14. a3 Bf5 15. Qc2 Nd7 16. h4 b6 17. Rc1 Bc5 18. Bxc5 Nxc5 19. f3 Rac8 20. b4 Nxe4 21. dxe4 Bd7 22. Qc4 Kh8 23. b5 Qg6 24. g4 a6 25. a4 axb5 26. axb5 Ra8 27. Rh2 Ra3 28. Ra2 Rxa2 29. Qxa2 Qh6 30. Rxc7 Qxh4+ 31. Qf2 Qe7 32. Qxb6 Qb4+ 33. Kf2 Bxb5 34. Rc2 Qb1 35. Qc5 Qf1+ 36. Kg3 Qe1+ 37. Qf2 Qa1 38. Nh3 Bd7 39. Qc5 Qe1+ 40. Rf2 Re8 41. Qc7 Bb5 42. Kg2 Qd1 43. Ng5 Qa4 44. Nf7+ Kg8 45. Nxe5 h5 46. Qf7+ Kh8 47. Qxh5+ Kg8 48. Kg3 Qd4 49. Nc6 Bxc6 50. dxc6 Qd6+ 51. Kh4 Re5 52. g5 g6 53. Qg4 Qxc6 54. Rd2 Re7 55. Qf4 Qc8 56. Qg4 Qc7 57. Qg3 Rh7+ 58. Kg4 Qc8+ 59. Kf4 Qc7+ 60. e5 Qc4+ 61. Ke3 Qc3+ 62. Rd3 Qc5+ 63. Ke2 Qc2+ 64. Ke3 Qc5+ 65. Ke4 Qc4+ 66. Rd4 Qc2+ 67. Ke3 Qc3+ 1/2-1/2

[Event "Ruhrgebiet VL1 0708"]
[Site "Germany"]
[Date "2008.01.20"]
[Round "5.8"]
[White "Doehmen, Katrin"]
[Black "Belitz, Marco"]
[Result "1/2-1/2"]
[WhiteElo "2010"]
[BlackElo "1894"]
[PlyCount "83"]
[EventDate "2007.09.02"]
[EventType "team"]
[EventRounds "9"]
[EventCountry "GER"]
[SourceTitle "EXT 2009"]
[Source "ChessBase"]
[SourceDate "2008.11.26"]
[SourceVersion "1"]
[SourceVersionDate "2008.11.26"]
[SourceQuality "1"]
[WhiteTeam "Holsterhausen "]
[BlackTeam "Kirchhellen SF"]
[WhiteTeamCountry "GER"]
[BlackTeamCountry "GER"]

1. c4 Nf6 2. Nc3 c5 3. Nf3 e6 4. g3 b6 5. Bg2 Bb7 6. 0-0 Be7 7. d4 cxd4 8. Qxd4 d6 9. Rd1 0-0 10. b3 Nc6 11. Qd2 a6 12. Bb2 Qd7 13. h3 Rad8 14. Qe3 Qc7 15. Rac1 d5 16. cxd5 Bc5 17. Qg5 h6 18. Qh4 exd5 19. Na4 Be7 20. Nd4 Ne4 21. Qg4 Nf6 22. Qf3 Nxd4 23. Rxc7 Nxf3+ 24. Bxf3 Rd7 25. Rxd7 Nxd7 26. Bxd5 Bxd5 27. Rxd5 Rd8 28. Bc3 Kf8 29. Kg2 g6 30. f4 Ke8 31. Kf3 Rc8 32. Bd4 b5 33. Rxd7 bxa4 34. Rb7 axb3 35. axb3 Rc6 36. Rb6 Kd7 37. Rxc6 Kxc6 38. e4 Kb5 39. Bc3 Bb4 40. Bg7 Be7 41. Bc3 Bb4 42. Bg7 1/2-1/2

[Event "Ruhrgebiet VK2 0405"]
[Site "Ruhrgebiet"]
[Date "2005.02.20"]
[Round "7.8"]
[White "Doehmen, Katrin"]
[Black "Lempke, Siegfried"]
[Result "1/2-1/2"]
[WhiteElo "1854"]
[BlackElo "1826"]
[PlyCount "54"]
[EventDate "2004.09.12"]
[EventType "team"]
[EventRounds "9"]
[EventCountry "GER"]
[SourceTitle "EXT 2006"]
[Source "ChessBase"]
[SourceDate "2005.11.24"]
[SourceVersion "1"]
[SourceVersionDate "2005.11.24"]
[SourceQuality "1"]
[WhiteTeam "Holsterhausen II"]
[BlackTeam "Witten"]
[WhiteTeamCountry "GER"]
[BlackTeamCountry "GER"]

1. c4 e5 2. Nc3 Nf6 3. g3 d5 4. cxd5 Nxd5 5. Bg2 Nb6 6. Nf3 Nc6 7. 0-0 Be7 8. d3 0-0 9. Be3 Be6 10. Na4 Bd5 11. Nxb6 axb6 12. a3 Bf6 13. Rc1 Qe7 14. Nd2 Bxg2 15. Kxg2 e4 16. Qc2 exd3 17. exd3 Qe5 18. Nc4 Qd5+ 19. Kg1 Rfd8 20. Bxb6 cxb6 21. Nxb6 Qb5 22. Nxa8 Rxa8 23. Rb1 Ne5 24. Rfc1 g6 25. Qe2 Qxd3 26. Qxd3 Nxd3 27. Rc7 Nxb2 1/2-1/2

[Event "BL 0405 (Women)"]
[Site "Germany"]
[Date "2004.12.04"]
[Round "3.6"]
[White "Doehmen, Katrin"]
[Black "Beltz, Martina"]
[Result "1-0"]
[WhiteElo "2019"]
[BlackElo "2121"]
[PlyCount "61"]
[EventDate "2004.11.06"]
[EventType "team-tourn"]
[EventRounds "11"]
[EventCountry "GER"]
[SourceTitle "EXT 2006"]
[Source "ChessBase"]
[SourceDate "2005.11.24"]
[SourceVersion "1"]
[SourceVersionDate "2005.11.24"]
[SourceQuality "1"]
[WhiteTeam "Holsterhausen (W)"]
[BlackTeam "Leipzig Gohlis (W)"]
[WhiteTeamCountry "GER"]
[BlackTeamCountry "GER"]

1. c4 e5 2. Nc3 Nf6 3. g3 d5 4. cxd5 Nxd5 5. Bg2 Be6 6. Nf3 Nc6 7. 0-0 Be7 8. d4 Nxc3 9. bxc3 e4 10. Nd2 f5 11. e3 0-0 12. c4 Nb4 13. Ba3 c6 14. Qb3 a5 15. Rfd1 b5 16. Bf1 Qb6 17. Qc3 Rfd8 18. c5 Qc7 19. Bxb4 axb4 20. Qxb4 Bxa2 21. Rxa2 Kh8 22. Rda1 Rxa2 23. Rxa2 Bf6 24. Qa5 Qf7 25. Qa7 Qh5 26. Qb7 Qe8 27. Ra6 Rc8 28. Nb3 f4 29. Bh3 Rb8 30. Qxc6 Qh5 31. Ra8 1-0

[Event "BL 0203 (Women)"]
[Site "Germany"]
[Date "2003.02.15"]
[Round "8.5"]
[White "Doehmen, Katrin"]
[Black "Schmidt, Jessica"]
[Result "0-1"]
[WhiteElo "2014"]
[BlackElo "2271"]
[PlyCount "72"]
[EventDate "2002.10.12"]
[EventType "team-tourn"]
[EventRounds "11"]
[EventCountry "GER"]
[SourceTitle "EXT 2004"]
[Source "ChessBase"]
[SourceDate "2003.11.25"]
[SourceVersion "1"]
[SourceVersionDate "2003.11.25"]
[SourceQuality "1"]
[WhiteTeam "Holsterhausen (W)"]
[BlackTeam "Baden Oos (W)"]
[WhiteTeamCountry "GER"]
[BlackTeamCountry "GER"]

1. c4 e6 2. Nf3 d5 3. g3 c6 4. Bg2 Nf6 5. 0-0 Be7 6. d3 0-0 7. Nbd2 Nbd7 8. Rb1 a5 9. b3 Re8 10. Bb2 Bf8 11. Ne5 Nxe5 12. Bxe5 Ng4 13. Ba1 e5 14. e4 dxe4 15. dxe4 Bc5 16. h3 Nf6 17. Qc2 Nd7 18. Rbd1 Qe7 19. Nf3 f6 20. Kh2 Nf8 21. Nh4 Qc7 22. f4 exf4 23. gxf4 Bd6 24. Qd2 Rd8 25. e5 Be7 26. Qf2 f5 27. Nf3 Rxd1 28. Rxd1 Be6 29. Nd4 Rd8 30. Nxe6 Nxe6 31. Rxd8+ Qxd8 32. Bc3 Bc5 33. Qd2 Qh4 34. Qd7 Qxf4+ 35. Kh1 Qc1+ 36. Kh2 Bg1+ 0-1

[Event "BL 0001 (Women)"]
[Site "Germany"]
[Date "2000.??.??"]
[Round "4.6"]
[White "Doehmen, Katrin"]
[Black "Borriss, Claudia"]
[Result "0-1"]
[WhiteElo "2018"]
[BlackElo "2078"]
[PlyCount "36"]
[EventDate "2000.10.??"]
[EventType "team-tourn"]
[EventRounds "11"]
[EventCountry "GER"]
[SourceTitle "CBM 082 Extra"]
[Source "ChessBase"]
[SourceDate "2001.07.03"]
[SourceVersion "1"]
[SourceVersionDate "2001.07.03"]
[SourceQuality "1"]
[WhiteTeam "Holsterhausen (W)"]
[BlackTeam "Dresden (W)"]
[WhiteTeamCountry "GER"]
[BlackTeamCountry "GER"]

1. c4 Nf6 2. Nc3 e6 3. e4 c5 4. e5 Ng8 5. d4 cxd4 6. Qxd4 Nc6 7. Qe4 f5 8. exf6 Nxf6 9. Qh4 Nb4 10. Bg5 Nc2+ 11. Kd1 Nxa1 12. Bd3 Kf7 13. Bxh7 Be7 14. Bxf6 Bxf6 15. Qh5+ Kf8 16. Nh3 Qc7 17. Re1 Qxc4 18. Qg6 Qh4 0-1